书目信息 |
| 书名: | The grapes of wrath | |
| 作者: | John Steinbeck. | |
| 分册号: | ||
| 分册名: | 出版地: | Oxford : |
|
| 出版社: | Heinemann | |
| 出版时间: | 1979. | |
| 页数: | x, 479 p. : | |
| 开本: | 19 cm. | |
| 丛书名: | ||
| 中图分类号: | ||
| 科图分类号: | ||
| 其他分类号: | H319.4 | |
| 主题词: | ||
| 电子资源: | ||
| 000 | 00581cam 2200205 a 4500 | |
| 001 | E0732058005 | |
| 005 | 20070303090917.75 | |
| 008 | 030423s1979 enka 000 0 eng d | |
| 010 | @a86188363 | |
| 020 | @a0330244337 :@cCNY1.90. | |
| 040 | @aPUL@cPUL | |
| 090 | @aK726.4723/W19.1 | |
| 090 | @aH319.4 | |
| 099 | @dH319.4@ex222 | |
| 100 | 1 | @aSteinbeck, John. |
| 245 | 14 | @aThe grapes of wrath / @cJohn Steinbeck. |
| 260 | @aOxford :@bHeinemann,@c1979. | |
| 300 | @ax, 479 p. :@bill. ;@c19 cm. | |
| 500 | @aPan books in association with Heinemann. | |
| 920 | @a232010@z2 | |
| The grapes of wrath / / John Steinbeck.-Oxford : : Heinemann, , 1979. |
| x, 479 p. : : ill. ; ; 19 cm. |
| Pan books in association with Heinemann. |
| ISBN 0330244337 :CNY1.90. |
| ● |
| 相关链接 |
|
|
|
|
正题名:grapes of wrath
索取号:H319.4/x222
 
预约/预借
| 序号 | 登录号 | 条形码 | 馆藏地/架位号 | 状态 | 备注 |
| 1 | 46142 | 202459053 | 第四借阅区/ [索取号:H319.4/x222] | 在馆 |